00779nam a22002177a 450000500170000001000430001702000260006002000230008603500410010903700130015003700190016303700170018208200120019908200150021110000280022624501220025426000450037627000640042130000260048550000500051120140117123546.0 aENG-104070 B-461963-967 B-512554-558 a9780198073987c495.00 a0198073984c495.00 aEN-87603 B-461963-967 B-512554-558 bDBAD/PUB bAllied Pub/Ven bBSB/Venadpl a658.404 a388.420954 aRamachandran, M.d1941- aMetro Rail Projects in India :cby M. Ramachandran with a foreword by E. Sreedharanba study in project planning /  aNew DelhibOxford University Pressc2012 aYMCA Library Building, 1, Jai Singh RoadbNew Delhie110001 axvi,195p. c22cm (Hb) aIncludes bibliographical references and index